Statistics for States of India

Click here to take the quiz!

General Stats

  • This quiz has been taken 37,907 times
    (34,613 since last reset)
  • The average score is 20 of 36

Answer Stats

State % Correct
Jammu and Kashmir
84%
Delhi
82%
Punjab
78%
Goa
77%
Uttar Pradesh
76%
West Bengal
75%
Gujarat
74%
Kerala
72%
Tamil Nadu
71%
Rajasthan
70%
Andhra Pradesh
63%
Maharashtra
63%
Assam
63%
Madhya Pradesh
60%
Karnataka
59%
Odisha
58%
Sikkim
58%
Bihar
57%
Himachal Pradesh
55%
Haryana
55%
Andaman and
Nicobar Islands
54%
Telangana
52%
Arunachal Pradesh
52%
Nagaland
48%
Jharkhand
47%
Mizoram
46%
Uttarakhand
46%
Chhattisgarh
46%
Manipur
45%
Meghalaya
44%
Tripura
42%
Puducherry
42%
Daman and Diu
37%
Chandigarh
33%
Lakshadweep
29%
Dadra and Nagar Haveli
25%

Score Distribution

Percentile by Number Answered

Percent of People with Each Score

Your Score History

You have not taken this quiz since the last reset